000 01084cam a2200289 a 4500
001 000019066
005 20200929165920.0
008 070716s2007 sp b s000 0bspa d
020 _a9788479088958
020 _a8479088958
040 _aDO-SdBNP
_bspa
_cLC
_dBNPHU
050 0 0 _aF1230.C835
_bP45 2007
082 _ann*
_bP392s
100 1 _aPellús Pérez, Elena.
_941016
245 1 0 _aSobre las hazañas de Hernán Cortés :
_bestudio y traducción /
_cElena Pellús Pérez ; prólogo José Antonio Mazzotti.
260 _a[Alicante, España] :
_bUniversidad de Alicante,
_c2007.
300 _a197 p. ;
_c18 cm.
490 1 _aCuadernos de América sin nombre,
_v18
504 _aBibliografía p. 187-194.
600 1 0 _aCortes, Hernan,
_d1485-1547.
_941017
651 0 _aMexico
_xHistory
_yConquest, 1519-1540
_vSources.
_941018
650 0 _aConquerors
_zMexico
_vBiography.
_941019
630 0 0 _aDe rebus gestis Ferdinandi Cortesii.
_lSpanish & Latin.
_941020
830 0 _aCuadernos de América sin nombre ;
_v18
_97436
910 _aCatalogación derivada / LC
049 _aBNGR
999 _c18584
_d18584